00762nam a22002057a 4500999001900000005001700019010001500036020002600051035001400077037001300091082001100104100001700115245005300132250001800185260006700203270009000270300003300360942002500393952013800418 c192203d19220320220913160151.0 aENG-135063 a9789356062115c499.00 aEN-118595 bDBAD/PUB a658.15 aPandey, I.M. aEssentials of Financial Management/cI.M. Pandey aFifth Edition aUttar PradeshbPearson Indian Education Services Pvt ltdc2022 a15th Floor, Tower-B, World Trade Tower, Plot No. 1, Block-C, Sector 16bNoidae201301 axxi, 511p.bIndexc25cm(pbk) 2ddccENh658.15mPAN 001040708NFICaBL4bBL4d2022-09-13eDBAD/PUBg499.00l5m4o658.15 PANpEN-118595r2024-11-01 00:00:00s2024-10-01t1v499.00yEN